000 01301cam a2200325 a 4500
005 20260322212050.0
006 data
007 data
008 data
010 _a 93079336
020 _a0898704782
020 _a9780898704785
040 _aCtY
_beng
_cCtY
042 _alccopycat
050 0 0 _aBX4668.H26
_bA3 1993
092 _a248.242 H346 1993
100 1 _aHahn, Scott.
245 1 0 _aRome sweet home :
_bour journey to Catholicism /
_cScott Hahn & Kimberly Hahn.
260 _aSan Francisco :
_bIgnatius Press,
_cc1993.
300 _a1 online resource
505 0 _a1. From the cradle to Christ -- 2. From ministry to marriage --3. New conceptions of the covenant -- 4. Teaching and living the covenant as a family -- 5. Scott's search for the church -- 6. One comes home to Rome -- 7. The struggles of a mixed marriage --8. A Rome-antic reunion -- 9. Catholic family life.
520 _aScott and Kimberly Hahn tell the stories of their lives and religious backgrounds, and explain how they came to be converted to the Catholic faith.
600 1 0 _aHahn, Scott.
600 1 0 _aHahn, Kimberly.
650 0 _aCatholic converts
_vBiography.
650 0 _aCatholics
_vBiography.
700 1 _aHahn, Kimberly.
730 0 _aInternet Archive Controlled Digital Lending.
001 data
999 _c1196
_d1196